[Event "FRA-chT Top 12"]
[Site "Chalons en Champagne"]
[Date "2021.06.26"]
[Round "3.2"]
[White "Moussard, Jules"]
[Black "Stephan, Victor"]
[Result "1/2-1/2"]
[WhiteElo "2635"]
[BlackElo "2416"]
[PlyCount "131"]
[EventDate "2021.06.24"]
[EventType "team-tourn"]
[EventRounds "11"]
[EventCountry "FRA"]
[SourceTitle "CBM 203 Extra"]
[Source "ChessBase"]
[SourceDate "2021.09.30"]
[SourceVersion "1"]
[SourceVersionDate "2021.09.30"]
[SourceQuality "1"]
[WhiteTeam "Asnieres"]
[BlackTeam "Chartres"]
[WhiteTeamCountry "FRA"]
[BlackTeamCountry "FRA"]

1. e4 c5 2. Nf3 d6 3. d4 cxd4 4. Nxd4 Nf6 5. Nc3 a6 6. Be2 e6 7. Be3 Be7 8. g4 Nc6 9. g5 Nd7 10. h4 0-0 11. a3 Qa5 12. Rg1 Nxd4 13. Qxd4 b5 14. h5 Re8 15. Qd2 Bb7 16. g6 Bf6 17. gxf7+ Kxf7 18. Rd1 Rad8 19. Kf1 b4 20. axb4 Qxb4 21. Qxd6 Qxd6 22. Rxd6 Bxc3 23. bxc3 Nf6 24. Rb6 Bxe4 25. Rxa6 Ra8 26. h6 g6 27. Rg3 Rxa6 28. Bxa6 Bxc2 29. Bd4 Bf5 30. Bb5 Rd8 31. Ke2 Ne4 32. Re3 Nd6 33. Re5 Nxb5 34. Rxb5 g5 35. Rc5 Rd5 36. Rc7+ Kg6 37. Bg7 Ra5 38. Ke3 g4 39. Rd7 Rd5 40. Rc7 Ra5 41. Kf4 Ra2 42. Kg3 Ra1 43. f3 gxf3 44. Kxf3 Ra3 45. Ke3 Bh3 46. Kd4 Ra4+ 47. c4 Bf1 48. Kc3 Rxc4+ 49. Rxc4 Bxc4 50. Kxc4 e5 51. Kd5 e4 52. Kxe4 Kf7 53. Kf5 Kg8 54. Bd4 Kf7 55. Ke5 Kg6 56. Be3 Kf7 57. Kf5 Kg8 58. Ke6 Kh8 59. Kf6 Kg8 60. Bc5 Kh8 61. Bd6 Kg8 62. Be5 Kf8 63. Bc3 Kg8 64. Bb2 Kf8 65. Ba1 Kg8 66. Ke7 1/2-1/2

[Event "Chartres 2nd"]
[Site "Chartres"]
[Date "2021.05.20"]
[Round "8"]
[White "Duboue, Peio"]
[Black "Stephan, Victor"]
[Result "1/2-1/2"]
[WhiteElo "2431"]
[BlackElo "2430"]
[PlyCount "131"]
[EventDate "2021.05.17"]
[EventType "tourn"]
[EventRounds "9"]
[EventCountry "FRA"]
[EventCategory "8"]
[SourceTitle "CBM 202 Extra"]
[Source "ChessBase"]
[SourceDate "2021.07.31"]
[SourceVersion "1"]
[SourceVersionDate "2021.07.31"]
[SourceQuality "1"]

1. e4 e5 2. Nf3 Nf6 3. Nc3 Nc6 4. d4 exd4 5. Nxd4 Bb4 6. Nxc6 bxc6 7. Bd3 d5 8. exd5 0-0 9. 0-0 cxd5 10. Bg5 c6 11. Qf3 h6 12. Bxf6 Qxf6 13. Qxf6 gxf6 14. Ne2 Re8 15. Nd4 c5 16. a3 Ba5 17. Bb5 Rd8 18. Nc6 Bd7 19. Nxd8 Bxb5 20. Nb7 Bxf1 21. Kxf1 Bb6 22. Nd6 Bc7 23. Nf5 Be5 24. Rb1 Kh7 25. Ne3 Rd8 26. Ke2 Kg6 27. b3 Bd4 28. Rd1 Re8 29. Kd3 Bxe3 30. fxe3 Kf5 31. Rf1+ Ke5 32. Rf4 f5 33. Ra4 Re7 34. Ra6 c4+ 35. bxc4 dxc4+ 36. Kxc4 Ke4 37. g3 Rc7+ 38. Kb3 Rb7+ 39. Kc3 Kxe3 40. Rf6 Rc7+ 41. Kb2 Kd2 42. Rxh6 Rb7+ 43. Ka2 Kxc2 44. Rc6+ Kd3 45. h4 Ke4 46. h5 Ke5 47. Ra6 f6 48. Ra5+ Ke4 49. Ra4+ Ke5 50. Rh4 Ke6 51. a4 Rg7 52. Rh3 Kf7 53. Kb3 Rg4 54. h6 Kg8 55. h7+ Kh8 56. a5 f4 57. gxf4 Rxf4 58. Rh6 Rf5 59. a6 Rb5+ 60. Ka4 Rb6 61. Ka5 Re6 62. Kb5 Rb6+ 63. Ka5 Re6 64. Kb5 Rb6+ 65. Ka5 Re6 66. Kb5 1/2-1/2

[Event "Chartres 2nd"]
[Site "Chartres"]
[Date "2021.05.19"]
[Round "6"]
[White "Vlachos, Anatole"]
[Black "Stephan, Victor"]
[Result "1-0"]
[WhiteElo "2438"]
[BlackElo "2430"]
[PlyCount "93"]
[EventDate "2021.05.17"]
[EventType "tourn"]
[EventRounds "9"]
[EventCountry "FRA"]
[EventCategory "8"]
[SourceTitle "CBM 202 Extra"]
[Source "ChessBase"]
[SourceDate "2021.07.31"]
[SourceVersion "1"]
[SourceVersionDate "2021.07.31"]
[SourceQuality "1"]

1. e4 c5 2. Nf3 d6 3. Bb5+ Bd7 4. Bxd7+ Qxd7 5. c4 Nf6 6. Nc3 g6 7. d4 cxd4 8. Nxd4 Bg7 9. f3 0-0 10. Be3 Nc6 11. 0-0 Rac8 12. b3 Rfd8 13. Qd2 e6 14. Rad1 d5 15. Nxc6 bxc6 16. e5 Ne8 17. f4 Bf8 18. Qf2 Qb7 19. Na4 dxc4 20. bxc4 Qa6 21. Qc2 Be7 22. Nc5 Qb6 23. Qf2 Rxd1 24. Rxd1 Qb4 25. Ne4 Qxc4 26. Nd6 Rd8 27. Nxc4 Rxd1+ 28. Qf1 Rxf1+ 29. Kxf1 c5 30. Na5 a6 31. Nc6 Bf8 32. Ke2 Nc7 33. Kd3 Nd5 34. Bd2 Kg7 35. Nb8 a5 36. Bxa5 Nxf4+ 37. Kc4 Nd5 38. Bd8 Ne3+ 39. Kd3 Nxg2 40. a4 c4+ 41. Kxc4 Ne3+ 42. Kb5 Nd5 43. a5 Nc3+ 44. Kc4 Ne4 45. a6 Bc5 46. Nd7 Ba7 47. Bb6 1-0

[Event "Chartres 2nd"]
[Site "Chartres"]
[Date "2021.05.17"]
[Round "2"]
[White "Flear, Glenn C"]
[Black "Stephan, Victor"]
[Result "1-0"]
[WhiteElo "2431"]
[BlackElo "2430"]
[PlyCount "177"]
[EventDate "2021.05.17"]
[EventType "tourn"]
[EventRounds "9"]
[EventCountry "FRA"]
[EventCategory "8"]
[SourceTitle "CBM 202 Extra"]
[Source "ChessBase"]
[SourceDate "2021.07.31"]
[SourceVersion "1"]
[SourceVersionDate "2021.07.31"]
[SourceQuality "1"]

1. d4 Nf6 2. c4 c5 3. d5 e6 4. Nc3 exd5 5. cxd5 d6 6. e4 g6 7. Nge2 Bg7 8. Ng3 0-0 9. Be2 a6 10. a4 Nbd7 11. 0-0 Re8 12. f3 Rb8 13. Bg5 Qa5 14. Qc2 h6 15. Be3 h5 16. Nh1 h4 17. Nf2 Nh5 18. Qd2 f5 19. Bg5 Ne5 20. Bxh4 Nf7 21. exf5 Bxf5 22. g4 Bh6 23. Qd1 Qb4 24. Nfe4 Be3+ 25. Kh1 Bxe4 26. Nxe4 Nf4 27. Nf6+ Kg7 28. Nxe8+ Rxe8 29. b3 Bd4 30. Be1 Qb6 31. a5 Qd8 32. Bc4 Bxa1 33. Qxa1+ Ne5 34. Bg3 Qf6 35. Qd1 g5 36. Re1 Rf8 37. Re4 Qg6 38. Bxf4 gxf4 39. Be2 Qh7 40. Qg1 Qh3 41. Qg2 Qh4 42. Bf1 Rf7 43. Kg1 Qd8 44. Ra4 Qh4 45. Qf2 Qh7 46. Re4 Qg6 47. h3 Qg5 48. Kg2 Kf8 49. h4 Qg6 50. h5 Qg5 51. Be2 Nd7 52. Bc4 Nf6 53. Re6 Nxh5 54. Rxd6 Ng3 55. Re6 Qh4 56. Qxc5+ Kg7 57. Qd4+ Kf8 58. Qc5+ Kg7 59. Qg1 Qh7 60. Qa1+ Kf8 61. Bd3 Qh4 62. Qa3+ Kg8 63. Re8+ Kg7 64. Qa1+ Qf6 65. Qxf6+ Kxf6 66. Re6+ Kg7 67. d6 Rd7 68. Bg6 Rd8 69. Bd3 Kf7 70. Bc4 Kg7 71. Bd5 Kf7 72. Kf2 Nh1+ 73. Ke1 Ng3 74. g5 Kg7 75. Bxb7 Nf5 76. Bxa6 Nd4 77. Re7+ Kg6 78. Bd3+ Kxg5 79. Re5+ Kf6 80. Rd5 Nxf3+ 81. Kf2 Ke6 82. Be4 Ne5 83. a6 Rd7 84. Rd1 Rg7 85. b4 Ng4+ 86. Kf3 Ne3 87. Rd2 Nf1 88. Rf2 Ng3 89. Bb7 1-0

[Event "Chartres 2nd"]
[Site "Chartres"]
[Date "2021.05.17"]
[Round "1"]
[White "Stephan, Victor"]
[Black "David, Alberto"]
[Result "0-1"]
[WhiteElo "2430"]
[BlackElo "2517"]
[PlyCount "88"]
[EventDate "2021.05.17"]
[EventType "tourn"]
[EventRounds "9"]
[EventCountry "FRA"]
[EventCategory "8"]
[SourceTitle "CBM 202 Extra"]
[Source "ChessBase"]
[SourceDate "2021.07.31"]
[SourceVersion "1"]
[SourceVersionDate "2021.07.31"]
[SourceQuality "1"]

1. d4 Nf6 2. c4 e6 3. Nc3 Bb4 4. Qc2 0-0 5. Nf3 d6 6. g3 e5 7. Bg2 Bxc3+ 8. Qxc3 e4 9. Nh4 h6 10. f4 exf3 11. Bxf3 Re8 12. 0-0 Nc6 13. b4 Ne4 14. Qd3 d5 15. Bh5 Be6 16. b5 Na5 17. c5 Nc4 18. Ng2 g6 19. Bf3 Bf5 20. Qd1 g5 21. Bh5 Bg6 22. Bxg6 fxg6 23. Qd3 Rf8 24. Rf3 a6 25. Rb1 axb5 26. Rxb5 Rxa2 27. Rxb7 Ncd2 28. Bxd2 Rxd2 29. Qb3 Re8 30. Ne3 Rxd4 31. Ng4 h5 32. Nh6+ Kh7 33. Rf7+ Kxh6 34. Rbxc7 Nf6 35. Qf3 Rd1+ 36. Kf2 Rd2 37. Qxf6 Rdxe2+ 38. Kg1 Re1+ 39. Kg2 R8e2+ 40. Qf2 g4 41. Rcd7 Rxf2+ 42. Kxf2 Qe8 43. Rh7+ Kg5 44. Rxd5+ Re5 0-1

[Event "C'Chartres Blitz op April"]
[Site "Europe Echecs INT"]
[Date "2021.04.10"]
[Round "5"]
[White "Stephan, Victor"]
[Black "Thomas, Anysia"]
[Result "1-0"]
[WhiteElo "2430"]
[BlackElo "2164"]
[PlyCount "49"]
[EventDate "2021.04.10"]
[EventType "swiss (blitz)"]
[EventRounds "11"]
[EventCountry "FRA"]
[SourceTitle "CBM 201 Extra"]
[Source "ChessBase"]
[SourceDate "2021.05.31"]
[SourceVersion "1"]
[SourceVersionDate "2021.05.31"]
[SourceQuality "1"]

1. d4 Nf6 2. c4 g6 3. Nc3 d5 4. cxd5 Nxd5 5. e4 Nxc3 6. bxc3 Bg7 7. Nf3 c5 8. h3 Nc6 9. Be3 Qa5 10. Bd2 0-0 11. Be2 cxd4 12. cxd4 Qd8 13. d5 Ne5 14. 0-0 e6 15. Bf4 Nxf3+ 16. Bxf3 exd5 17. exd5 Qf6 18. Qd2 Bf5 19. Rac1 Qa6 20. Rfe1 Rfe8 21. d6 Rxe1+ 22. Rxe1 Qb5 23. Qd5 Qb4 24. Re7 Qxf4 25. Qxf7+ 1-0

[Event "EU-Cup Online Gr-I"]
[Site "Tornelo INT"]
[Date "2021.03.28"]
[Round "5.1"]
[White "Arnaudov, Petar G"]
[Black "Stephan, Victor"]
[Result "1-0"]
[WhiteElo "2471"]
[BlackElo "2430"]
[PlyCount "57"]
[EventDate "2021.03.27"]
[EventType "team-tourn (rapid)"]
[EventRounds "9"]
[EventCountry "NET"]
[SourceTitle "CBM 201 Extra"]
[Source "ChessBase"]
[SourceDate "2021.05.31"]
[SourceVersion "1"]
[SourceVersionDate "2021.05.31"]
[SourceQuality "1"]
[WhiteTeam "Bonnevoie Gambit"]
[BlackTeam "Chartres II"]
[WhiteTeamCountry "BEL"]
[BlackTeamCountry "FRA"]

1. d4 Nf6 2. Nf3 e6 3. g3 c5 4. Bg2 cxd4 5. Nxd4 d5 6. 0-0 e5 7. Nb3 Be6 8. Nc3 Be7 9. Bg5 Nbd7 10. f4 exf4 11. gxf4 g6 12. Kh1 0-0 13. Nd4 Bg4 14. Qd3 Nc5 15. Qg3 Qd7 16. Qh4 Kg7 17. f5 h5 18. h3 Bxf5 19. Rxf5 gxf5 20. Rf1 Kg6 21. Rxf5 Qxf5 22. Nxf5 Kxf5 23. Bxf6 Bxf6 24. Qxh5+ Bg5 25. h4 Ne6 26. Bh3+ Kf6 27. hxg5+ Kg7 28. Qh6+ Kg8 29. Nxd5 1-0

[Event "EU-Cup Online Gr-I"]
[Site "Tornelo INT"]
[Date "2021.03.28"]
[Round "9.1"]
[White "Stephan, Victor"]
[Black "Socko, Bartosz"]
[Result "0-1"]
[WhiteElo "2430"]
[BlackElo "2618"]
[PlyCount "98"]
[EventDate "2021.03.27"]
[EventType "team-tourn (rapid)"]
[EventRounds "9"]
[EventCountry "NET"]
[SourceTitle "CBM 201 Extra"]
[Source "ChessBase"]
[SourceDate "2021.05.31"]
[SourceVersion "1"]
[SourceVersionDate "2021.05.31"]
[SourceQuality "1"]
[WhiteTeam "Chartres II"]
[BlackTeam "Poland Hussars"]
[WhiteTeamCountry "FRA"]
[BlackTeamCountry "POL"]

1. d4 Nf6 2. c4 e6 3. Nc3 Bb4 4. Qc2 0-0 5. Nf3 d5 6. cxd5 exd5 7. Bg5 h6 8. Bxf6 Qxf6 9. a3 Bxc3+ 10. Qxc3 c6 11. e3 Re8 12. Ne5 Nd7 13. Nxd7 Bxd7 14. Bd3 Qg5 15. g3 Bh3 16. 0-0-0 Qf6 17. Rd2 b6 18. Kb1 Rac8 19. Rc1 Rc7 20. Rdc2 Re6 21. Bf1 Bf5 22. Bd3 Bh3 23. Bf1 Bg4 24. Be2 h5 25. h4 Bxe2 26. Rxe2 Qf3 27. Rec2 Rf6 28. Qd3 g6 29. b4 Re7 30. Rd2 Kg7 31. Rcc2 Qh1+ 32. Kb2 a5 33. Rd1 Qg2 34. Qf1 Qf3 35. Qe2 axb4 36. axb4 Qf5 37. Qd3 Qg4 38. Qe2 Qf5 39. Qd3 Qd7 40. Ra1 Re4 41. Rac1 Qb7 42. Qa3 c5 43. dxc5 bxc5 44. Rxc5 Rxf2+ 45. R1c2 Rxb4+ 46. Kc3 Rxc2+ 47. Kxc2 d4 48. exd4 Qe4+ 49. Kc3 Qxd4+ 0-1

[Event "EU-Cup Online Gr-I"]
[Site "Tornelo INT"]
[Date "2021.03.27"]
[Round "4.1"]
[White "Stephan, Victor"]
[Black "Batsiashvili, Nino"]
[Result "0-1"]
[WhiteElo "2430"]
[BlackElo "2491"]
[PlyCount "144"]
[EventDate "2021.03.27"]
[EventType "team-tourn (rapid)"]
[EventRounds "9"]
[EventCountry "NET"]
[SourceTitle "CBM 201 Extra"]
[Source "ChessBase"]
[SourceDate "2021.05.31"]
[SourceVersion "1"]
[SourceVersionDate "2021.05.31"]
[SourceQuality "1"]
[WhiteTeam "Chartres II"]
[BlackTeam "Schwaebisch Hall (W)"]
[WhiteTeamCountry "FRA"]
[BlackTeamCountry "GER"]

1. d4 Nf6 2. c4 e6 3. Nc3 Bb4 4. Qc2 d5 5. cxd5 Qxd5 6. Nf3 0-0 7. Bd2 Bxc3 8. Bxc3 Ne4 9. e3 Nxc3 10. bxc3 c5 11. Bd3 h6 12. 0-0 Nc6 13. Rab1 b6 14. Bh7+ Kh8 15. Be4 Qd6 16. Ne5 Bb7 17. f4 cxd4 18. Bxc6 Bxc6 19. cxd4 Rac8 20. Rbc1 Bb7 21. Qb3 Kg8 22. Rxc8 Rxc8 23. f5 Qd5 24. Qxd5 Bxd5 25. fxe6 Bxe6 26. e4 Bxa2 27. Ra1 Rc2 28. d5 a5 29. Nc6 Rd2 30. Ne7+ Kh7 31. Rxa2 Rxa2 32. d6 Rd2 33. Nd5 a4 34. d7 a3 35. d8Q a2 36. Nf6+ Kg6 37. Qxd2 a1Q+ 38. Kf2 Qxf6+ 39. Ke2 Qe5 40. Qb4 Qc5 41. Qb1 Kh7 42. Qa2 Qh5+ 43. Kf2 b5 44. Qd5 Qh4+ 45. Ke3 Qg5+ 46. Kd4 Qd2+ 47. Kc5 Qxg2 48. Kxb5 Qg5 49. Kc6 Qf6+ 50. Kd7 g6 51. e5 Qf5+ 52. Ke7 Kg7 53. Qd6 g5 54. Qd4 Qe6+ 55. Kd8 h5 56. Qe3 Kg6 57. Qd3+ Kg7 58. Qe3 g4 59. Qf4 Qg6 60. Ke7 h4 61. Qd4 Qe6+ 62. Kd8 g3 63. Qxh4 g2 64. Qf2 Qg6 65. Qg1 Qg4 66. Ke7 Qe6+ 67. Kd8 Qd5+ 68. Kc8 Qf3 69. e6 fxe6 70. Qd4+ Kg6 71. Qb6 Kf5 72. h4 Qf1 0-1

[Event "Cappelle Online Bullet op"]
[Site "Europe Echecs INT"]
[Date "2021.03.05"]
[Round "5"]
[White "Stephan, Victor"]
[Black "Devallee, Jeremie"]
[Result "1-0"]
[WhiteElo "2430"]
[BlackElo "2220"]
[PlyCount "63"]
[EventDate "2021.03.05"]
[EventType "swiss (blitz)"]
[EventRounds "15"]
[EventCountry "FRA"]
[SourceTitle "EXT 2022"]
[Source "ChessBase"]
[SourceDate "2021.10.06"]
[SourceVersion "1"]
[SourceVersionDate "2021.10.06"]
[SourceQuality "1"]

1. g3 h5 2. Bg2 h4 3. gxh4 d5 4. d3 e5 5. Nc3 c6 6. e4 Ne7 7. exd5 cxd5 8. Bg5 f6 9. Bd2 Nbc6 10. Nf3 Nf5 11. Qe2 Nxh4 12. Nxh4 Rxh4 13. 0-0-0 Nd4 14. Qe1 Be6 15. f4 Rh5 16. fxe5 fxe5 17. Qg3 Bd6 18. Bxd5 Bxd5 19. Nxd5 Qh4 20. Qg6+ Kd7 21. Qf7+ Kc6 22. Nb4+ Bxb4 23. Bxb4 Qf6 24. Qc4+ Kd7 25. Rhf1 Rc8 26. Qd5+ Ke8 27. Rxf6 Rxc2+ 28. Kb1 gxf6 29. Qg8+ Kd7 30. Qf7+ Kc6 31. Qxh5 a5 32. Bc3 1-0

[Event "Cappelle Online Bullet op"]
[Site "Europe Echecs INT"]
[Date "2021.03.05"]
[Round "3"]
[White "Stephan, Victor"]
[Black "Maghsoodloo, Parham"]
[Result "0-1"]
[WhiteElo "2430"]
[BlackElo "2676"]
[PlyCount "72"]
[EventDate "2021.03.05"]
[EventType "swiss (blitz)"]
[EventRounds "15"]
[EventCountry "FRA"]
[SourceTitle "EXT 2022"]
[Source "ChessBase"]
[SourceDate "2021.10.06"]
[SourceVersion "1"]
[SourceVersionDate "2021.10.06"]
[SourceQuality "1"]

1. b3 d5 2. Bb2 c6 3. e3 Bf5 4. Nf3 Nd7 5. Be2 e6 6. 0-0 h6 7. d4 Ngf6 8. c4 Bd6 9. Nc3 0-0 10. Bd3 Bxd3 11. Qxd3 a5 12. Rfe1 Bb4 13. Rad1 Re8 14. g3 a4 15. Re2 axb3 16. axb3 Qb6 17. e4 Bxc3 18. Bxc3 dxe4 19. Rxe4 Nxe4 20. Qxe4 Qxb3 21. Rc1 Qxc4 22. Nd2 Qd5 23. Qd3 Ra3 24. Nc4 Nc5 25. Qf1 Rxc3 26. Rxc3 Qxd4 27. Rc1 Rd8 28. Ne3 Ne4 29. Rc4 Qe5 30. Ng4 Qf5 31. Ne3 Qf3 32. Rc1 Rd2 33. Nd1 Re2 34. Ra1 Nd2 35. Qg2 Re1+ 36. Qf1 Rxf1# 0-1

[Event "Cappelle Online Bullet op"]
[Site "Europe Echecs INT"]
[Date "2021.03.05"]
[Round "10"]
[White "Stephan, Victor"]
[Black "Sochacki, Christophe"]
[Result "0-1"]
[WhiteElo "2430"]
[BlackElo "2477"]
[PlyCount "164"]
[EventDate "2021.03.05"]
[EventType "swiss (blitz)"]
[EventRounds "15"]
[EventCountry "FRA"]
[SourceTitle "EXT 2022"]
[Source "ChessBase"]
[SourceDate "2021.10.06"]
[SourceVersion "1"]
[SourceVersionDate "2021.10.06"]
[SourceQuality "1"]

1. b3 e5 2. Bb2 Nc6 3. e3 d5 4. Nf3 Bd6 5. d4 e4 6. Nfd2 f5 7. c4 Nf6 8. Nc3 0-0 9. cxd5 Ne7 10. Bc4 a6 11. a4 Kh8 12. f3 f4 13. Ndxe4 fxe3 14. Qe2 Bb4 15. 0-0-0 Nfxd5 16. Nxd5 Nxd5 17. Bxd5 Qxd5 18. Qxe3 Bf5 19. Kb1 Be6 20. Ng5 Bg8 21. Rd3 Rae8 22. Ne4 b5 23. a5 Bxa5 24. Rc1 Bb6 25. Qd2 a5 26. Qc2 a4 27. Qc6 axb3 28. Qxd5 Bxd5 29. Nc3 Bc4 30. Rd2 Rd8 31. Ne4 Rd7 32. Rcd1 Rfd8 33. Bc3 h6 34. Kb2 Kh7 35. Nc5 Bxc5 36. dxc5 Rxd2+ 37. Rxd2 Rxd2+ 38. Bxd2 Kg6 39. Kc3 Kf5 40. Be3 g5 41. Bd4 Ke6 42. Bg7 h5 43. Bh6 g4 44. fxg4 hxg4 45. g3 Kd5 46. Bf4 Ke4 47. Bxc7 Kd5 48. Bd6 Kc6 49. Bf8 Kd5 50. Bg7 Kc6 51. Bd4 Bd5 52. Be3 Bc4 53. Bf2 Kd5 54. Be3 Ke4 55. Bf2 Bd5 56. Bd4 Kf3 57. Bg1 Kg2 58. Bd4 Kxh2 59. c6 Bxc6 60. Kxb3 Kxg3 61. Kb4 Kf3 62. Be5 g3 63. Bxg3 Kxg3 64. Kc3 Kf4 65. Kb3 Ke5 66. Kb2 Kd6 67. Kc2 Kd5 68. Kb2 Kc5 69. Kc2 Kc4 70. Kb2 b4 71. Kb1 Be4+ 72. Kc1 Kc3 73. Kd1 b3 74. Ke2 Bd3+ 75. Ke3 b2 76. Kf4 b1Q 77. Ke5 Qe1+ 78. Kf6 Qe3 79. Kg7 Qd4+ 80. Kg8 Bc4+ 81. Kh7 Qd5 82. Kh8 Qg8# 0-1

[Event "Ville d'Orsay online Blitz"]
[Site "Europe Echecs INT"]
[Date "2021.02.07"]
[Round "7"]
[White "Stephan, Victor"]
[Black "Lagarde, Maxime"]
[Result "0-1"]
[WhiteElo "2430"]
[BlackElo "2640"]
[PlyCount "90"]
[EventDate "2021.02.07"]
[EventType "swiss (blitz)"]
[EventRounds "11"]
[EventCountry "FRA"]
[SourceTitle "CBM 200 Extra"]
[Source "ChessBase"]
[SourceDate "2021.03.31"]
[SourceVersion "1"]
[SourceVersionDate "2021.03.31"]
[SourceQuality "1"]

1. d4 Nc6 2. d5 Ne5 3. Nf3 d6 4. Nxe5 dxe5 5. e4 Nf6 6. Nc3 e6 7. Bg5 Bb4 8. Bb5+ Bd7 9. Bxf6 gxf6 10. Bxd7+ Qxd7 11. Qd3 0-0-0 12. 0-0-0 Bxc3 13. Qxc3 Qa4 14. Kb1 Qxe4 15. f3 Qa4 16. d6 Qc6 17. Qa3 Rxd6 18. Qxa7 Rhd8 19. Rxd6 cxd6 20. Rd1 Qa6 21. Qe3 Kd7 22. Qh6 Ke7 23. Qxh7 Qe2 24. Qd3 Qxg2 25. h4 Qh3 26. Qe4 Rd7 27. a4 Qf5 28. Qxf5 exf5 29. Rh1 Kf8 30. Rg1 Rc7 31. b3 Rc3 32. Rf1 Kg7 33. Kb2 Rc8 34. a5 e4 35. b4 d5 36. c3 Kg6 37. f4 Kh5 38. Rg1 Kxh4 39. Kb3 e3 40. b5 e2 41. Re1 Re8 42. c4 dxc4+ 43. Kxc4 Kg3 44. a6 bxa6 45. bxa6 Kf2 0-1